01124nam a2200301Ia 4500003000400000005001700004008004100021020001500062040001800077041000800095082002000103100002600123245007300149250001200222260006700234300002900301650004500330650004700375700002600422700003000448700002500478700003000503700003000533700002500563942003600588999001900624952017900643OSt20241008111009.0210716s2004 xx 000 0 und d a8173666997 cAIMIT LIBRARY aeng a005.1332 bFIST aFischer, Tom.9181763 aProfessional c# design patterns applied /cBy Tom Fischer...[et.al]. a1st ed. aMumbai :bShroff Publishers and Distributors Pvt Ltd ;c2004. avi,351,5p. ;bPBc23 cm. aDesign patterns in the data tier9181764 aDesign patterns in the middle tier9181765 aSlater, John.9181766 aStromquist, Pete.9181767 aWu, Chaur G.9181768 aGosling, Rowland.9181769 aKrowczyk, Andrew.9181770 aRostad, Tim.9181771 2ddccBKe1st ed.k005.1332 FIST c187188d187188 00102ddc40708MCAaAIMITbAIMITeIntel Book Distributorsg350.00iBino:2005/CRB/0001117;Bidt:2005-l0o005.1332 FISTpMCA06696r2025-07-21 00:00:00v280.00w2021-07-16yBK